Coachs The Voice France - Statistiques

Statistiques générales
  • Ce quiz a été pris 192 fois
    72 depuis la dernière actualisation
  • Le résultat moyen est 19 sur 27
Statistiques - réponses
Nombre de saisons Saisons Coachs % Correct
12 The Voice : 1-2-3-4-5-6-7-10-AS-11-14-15 Florent Pagny
95%
13 The Voice : 1-2-3-4-8-AS
The Voice Kids : 1-2-3-4-5-6-7
Jenifer
93%
8 The Voice : 3-4-5-6-7-8-AS-13 Mika
93%
1 The Voice : 14 Zaz
93%
12 The Voice : ASThe Voice Kids : 2-3-4-5-6-7-8-9-10-11-12 Patrick Fiori
91%
7 The Voice : 9-10-11-12-15The Voice Kids : 5-6 Amel Bent
87%
5 The Voice : 1-2-3-5 The Voice Kids : 1 Garou
87%
6 The Voice : 8 The Voice Kids : 5-6-7-11-12 Soprano
85%
7 The Voice : 4-5-6-7-AS-12-13 Zazie
85%
2 The Voice : 12-13 Bigflo et Oli
78%
5 The Voice : 6 The Voice Kids : 3-4-11-12 Matt Pokora
78%
5 The Voice : 10-11-12-13-14 Vianney
76%
4 The Voice : 1-2 The Voice Kids : 1-2 Louis Bertignac
75%
3 The Voice Kids : 7-8-9 Kendji Girac
73%
3 The Voice : 9 The Voice Kids : 10-15 Lara Fabian
71%
1 The Voice Kids : 8 Louane
67%
2 The Voice : 7-9 Pascal Obispo
65%
3 The Voice : 9-10-11 Marc Lavoine
62%
1 The Voice : 14 Patricia Kaas
56%
2 The Voice : 11 The Voice Kids : 9 Nolwenn Leroy
53%
2 The Voice Kids : 9-10 Slimane
53%
1 The Voice : 8 Julien Clerc
49%
1 The Voice Kids : 8 Julien Doré
49%
2 The Voice Kids : 11-12 Santa
49%
1 The Voice Kids : 10 Claudio Capéo
42%
1 The Voice : 15 Tayc
40%
1 The Voice : 13 Camille Lellouche
25%
Aucun quiz correspondant
Distribution des résultats
% des personnes avec chaque résultat
Percentile par nombre de réponses
Votre historique - résultats
Vous n’avez pas pris ce quiz depuis la dernière actualisation